Earthquakes and other earth movements
Furkejuvvon:
| Váldodahkki: | |
|---|---|
| Materiálatiipa: | Girji |
| Giella: | eaŋgalasgiella |
| Almmustuhtton: |
Londres
Kegan Paul & Co
1886
|
| Preanttus: | 1a. ed |
| Fáttát: | |
| Fáddágilkorat: |
Lasit fáddágilkoriid
Eai fáddágilkorat, Lasit vuosttaš fáddágilkora!
|
MARC
| LEADER | 00000nam a2200000 a 4500 | ||
|---|---|---|---|
| 001 | UCJ5134 | ||
| 003 | CL-VaPUC | ||
| 008 | 070124e18860000UK |||||||||||||||||eng|d | ||
| 082 | 0 | 4 | |a 551 |b MIL |2 21 |
| 100 | |a Milne, John, |c geólogo |e autor |9 509965 | ||
| 245 | 1 | 0 | |a Earthquakes and other earth movements |
| 250 | |a 1a. ed | ||
| 300 | |a xiv, 363 p | ||
| 942 | |c BK | ||
| 945 | |d 20070124 00:00:00 |a rinostro | ||
| 260 | |a Londres |b Kegan Paul & Co |c 1886 | ||
| 500 | |a Front., mapa de áreas sísmicas en el mundo | ||
| 650 | 0 | |a Volcanismo |9 505517 | |
| 650 | 0 | |a Sismología |9 268106 | |
| 650 | 0 | |a Terremotos |9 267728 | |
| 650 | 0 | |a Mapas |9 260844 | |
| 583 | |a last modification |c 20070124 00:00:00 |k Rodrigo Vera | ||
| 999 | |c 321247 |d 321245 | ||
| 952 | |0 0 |1 0 |4 0 |6 551_000000000000000_MIL_1886 |7 0 |8 X |9 399946 |a FDOBUD |b FDOBUD |d 2019-11-22 |i 1030515 |o 551 MIL 1886 |p 1030515 |r 2019-11-22 |w 2019-11-22 |y BK_X |k BUD | ||